000 00536cab a22001815 4500
001 L154364
008 111118e20111118xxkad f s 000 0 eng u
035 _a(Sirsi) u154364
041 0 _aeng
100 1 _aEdwards, Emma Jane
245 0 0 _aSurvival of the fittest
260 _c2011
490 0 _aBuilding
_v276 (8704) 18 November 2011, 57-61(3)
520 _aLooks at 3 courses for upskilling and improving your CV.
651 4 _aUnited Kingdom
_y
690 _aCAREERS, EDUCATION AND TRAINING-SURVEYING APPOINTMENTS
942 _n0
999 _c83595
_d83595